[Event "Villa Ballester op 69th"]
[Site "Villa Ballester"]
[Date "2019.01.18"]
[Round "2"]
[White "Ledesma, Pablo"]
[Black "Miranda, Leonardo"]
[Result "0-1"]
[WhiteElo "1293"]
[BlackElo "1783"]
[PlyCount "68"]
[EventDate "2019.01.16"]
[EventType "swiss"]
[EventRounds "9"]
[EventCountry "ARG"]
[SourceTitle "CBM 188 Extra"]
[Source "ChessBase"]
[SourceDate "2019.02.28"]
[SourceVersion "1"]
[SourceVersionDate "2019.02.28"]
[SourceQuality "1"]

1. e4 c5 2. Nc3 g6 3. f4 Bg7 4. Nf3 Nc6 5. Bc4 e6 6. d3 Nge7 7. 0-0 d5 8. Bb3 0-0 9. Qe1 a6 10. Qh4 b5 11. f5 exf5 12. Bh6 c4 13. Ng5 f6 14. Nh3 cxb3 15. axb3 fxe4 16. dxe4 dxe4 17. Bxg7 Kxg7 18. Nxe4 Nf5 19. Qf4 Ncd4 20. Rf2 Qb6 21. Kh1 Bb7 22. Raf1 Bxe4 23. Qxe4 Rae8 24. Qd3 Qb7 25. Kg1 Re3 26. Qd1 Rfe8 27. Nf4 Qe4 28. Qg4 Ne2+ 29. Rxe2 Rxe2 30. Nh5+ Kf7 31. Qxe4 R8xe4 32. Nf4 Re1 33. Rxe1 Rxe1+ 34. Kf2 Rc1 0-1